[Event "HUN-chT2 Szechenyi 1516"]
[Site "Hungary"]
[Date "2016.02.14"]
[Round "7.5"]
[White "Toth, Jozsef"]
[Black "Hegedus, Gyula"]
[Result "1/2-1/2"]
[WhiteElo "2183"]
[BlackElo "1997"]
[PlyCount "45"]
[EventDate "2015.09.13"]
[EventType "team-tourn"]
[EventRounds "11"]
[EventCountry "HUN"]
[SourceTitle "EXT 2017"]
[Source "ChessBase"]
[SourceDate "2016.10.25"]
[SourceVersion "1"]
[SourceVersionDate "2016.10.25"]
[SourceQuality "1"]
[WhiteTeam "Gyor Elektromos"]
[BlackTeam "Ezust Huszar"]
[WhiteTeamCountry "HUN"]
[BlackTeamCountry "HUN"]

1. d4 d6 2. Nf3 Bg4 3. Nbd2 Nd7 4. c3 c6 5. h3 Bh5 6. e4 e5 7. Be2 Ngf6 8. 0-0 Bg6 9. Bd3 Be7 10. Re1 0-0 11. Nh4 b5 12. Nxg6 hxg6 13. Nf3 a6 14. a4 Qc7 15. Bg5 Rad8 16. Qe2 Rfe8 17. axb5 axb5 18. Qc2 d5 19. Nxe5 dxe4 20. Bxe4 Nxe5 21. dxe5 Qxe5 22. Bxf6 Qxf6 23. Bf3 1/2-1/2

[Event "HUN-chT2 Szechenyi 1516"]
[Site "Hungary"]
[Date "2015.11.29"]
[Round "5.6"]
[White "Toth, Jozsef"]
[Black "Soponyai, Andras"]
[Result "1/2-1/2"]
[WhiteElo "2183"]
[BlackElo "1969"]
[PlyCount "64"]
[EventDate "2015.09.13"]
[EventType "team-tourn"]
[EventRounds "11"]
[EventCountry "HUN"]
[SourceTitle "CBM 170 Extra"]
[Source "ChessBase"]
[SourceDate "2016.02.25"]
[SourceVersion "1"]
[SourceVersionDate "2016.02.25"]
[SourceQuality "1"]
[WhiteTeam "Gyor Elektromos"]
[BlackTeam "HVSE Infraplan"]
[WhiteTeamCountry "HUN"]
[BlackTeamCountry "HUN"]

1. d4 e6 2. Nf3 b6 3. e4 d5 4. exd5 exd5 5. Bd3 Nf6 6. 0-0 Be7 7. Re1 0-0 8. h3 a5 9. Bf4 Ba6 10. c3 Bxd3 11. Qxd3 Bd6 12. Be5 Ne4 13. Nbd2 Nxd2 14. Qxd2 f6 15. Bf4 c6 16. Re6 Bxf4 17. Qxf4 Re8 18. Rxe8+ Qxe8 19. Qc7 Na6 20. Qxb6 a4 21. b3 Qc8 22. Nd2 Qc7 23. Qxc7 Nxc7 24. b4 Nb5 25. Rc1 Re8 26. Kf1 Kf7 27. Nb1 Re4 28. Re1 Ke6 29. f3 Rxe1+ 30. Kxe1 h5 31. g4 hxg4 32. hxg4 f5 1/2-1/2

[Event "HUN-chT2 Szechenyi 1516"]
[Site "Hungary"]
[Date "2015.09.13"]
[Round "1.5"]
[White "Vas, Istvan"]
[Black "Toth, Jozsef"]
[Result "0-1"]
[WhiteElo "1987"]
[BlackElo "2183"]
[PlyCount "86"]
[EventDate "2015.09.13"]
[EventType "team-tourn"]
[EventRounds "11"]
[EventCountry "HUN"]
[SourceTitle "CBM 170 Extra"]
[Source "ChessBase"]
[SourceDate "2016.02.25"]
[SourceVersion "1"]
[SourceVersionDate "2016.02.25"]
[SourceQuality "1"]
[WhiteTeam "Csuti Baki Agrocentrum"]
[BlackTeam "Gyor Elektromos"]
[WhiteTeamCountry "HUN"]
[BlackTeamCountry "HUN"]

1. e4 c5 2. g3 g6 3. Bg2 Bg7 4. Ne2 Nc6 5. 0-0 e6 6. c3 Nge7 7. d3 0-0 8. Be3 b6 9. f4 d5 10. Nd2 Ba6 11. Nc1 dxe4 12. Nxe4 Qc7 13. Qa4 Bb7 14. Ne2 Rfd8 15. Rad1 Rd7 16. d4 Nf5 17. Bf2 cxd4 18. Nxd4 Ncxd4 19. cxd4 Rad8 20. Ng5 Bxg2 21. Kxg2 Qb7+ 22. Nf3 Bxd4 23. Bxd4 Nxd4 24. Rd3 Nxf3 25. Rdxf3 Rd2+ 26. R1f2 Rxf2+ 27. Kxf2 Rd2+ 28. Ke1 Rxh2 29. Rf2 b5 30. Qd4 Rh1+ 31. Ke2 Qc7 32. Kf3 h5 33. Rd2 Qc6+ 34. Ke3 Rg1 35. Qd8+ Kh7 36. Qg5 Qc1 37. f5 Qe1+ 38. Kd4 exf5 39. Kc5 Rxg3 40. Qf4 Rg4 41. Qd6 Qe4 42. Kxb5 Qa4+ 43. Kc5 Qc4# 0-1

[Event "Szekesfehervar-ch"]
[Site "Szekesfehervar"]
[Date "2014.09.14"]
[Round "3"]
[White "Toth, Jozsef"]
[Black "Szinavel, Zsolt"]
[Result "0-1"]
[WhiteElo "1717"]
[BlackElo "2095"]
[PlyCount "104"]
[EventDate "2014.09.13"]
[EventType "swiss"]
[EventRounds "7"]
[EventCountry "HUN"]
[SourceTitle "EXT 2016"]
[Source "ChessBase"]
[SourceDate "2015.10.08"]
[SourceVersion "1"]
[SourceVersionDate "2015.10.08"]
[SourceQuality "1"]

1. Nf3 Nf6 2. c4 e6 3. Nc3 d5 4. cxd5 exd5 5. d4 h6 6. a3 Bd6 7. b4 a5 8. b5 0-0 9. e3 Bf5 10. Bd3 Bxd3 11. Qxd3 Nbd7 12. a4 Qe7 13. 0-0 Nb6 14. Nd2 Rfe8 15. Ne2 Ne4 16. Qc2 Nxd2 17. Bxd2 Nc4 18. Nc3 c6 19. Bc1 Qh4 20. g3 Qe7 21. Qf5 g6 22. Qd3 f5 23. Nd1 Bb4 24. Nb2 Nd6 25. Bd2 Bxd2 26. Qxd2 Ne4 27. Qd3 Qb4 28. Qe2 cxb5 29. Qxb5 Qxb5 30. axb5 Rec8 31. Na4 Rc2 32. Nb6 Rd8 33. Rxa5 Rd6 34. Ra8+ Kf7 35. Nc8 Rd8 36. Nb6 Rxa8 37. Nxa8 Nd2 38. Ra1 Ke6 39. Ra7 g5 40. Rxb7 Rc1+ 41. Kg2 g4 42. Rb6+ Ke7 43. Rc6 Ra1 44. Nc7 Nf3 45. Nxd5+ Kf7 46. Rc7+ Ke8 47. Rc8+ Kd7 48. Nb6+ Ke6 49. Rc6+ Kf7 50. Rc7+ Kg6 51. Rc6+ Kh5 52. h4 Rg1# 0-1

[Event "HUN-chT2 Barcza 1213"]
[Site "Hungary"]
[Date "2012.11.18"]
[Round "4.6"]
[White "Vass, Laszlo"]
[Black "Toth, Jozsef"]
[Result "0-1"]
[WhiteElo "1899"]
[BlackElo "2072"]
[PlyCount "40"]
[EventDate "2012.09.16"]
[EventType "team-tourn"]
[EventRounds "11"]
[EventCountry "HUN"]
[SourceTitle "EXT 2014"]
[Source "ChessBase"]
[SourceDate "2013.11.20"]
[SourceVersion "1"]
[SourceVersionDate "2013.11.20"]
[SourceQuality "1"]
[WhiteTeam "Nadudvar"]
[BlackTeam "Edeleny"]
[WhiteTeamCountry "HUN"]
[BlackTeamCountry "HUN"]

1. e4 d5 2. exd5 Nf6 3. d4 Nxd5 4. c4 Nb4 5. Qa4+ N8c6 6. d5 b5 7. Qd1 Nd4 8. Na3 e5 9. Be3 Bc5 10. Bxd4 exd4 11. Bd3 0-0 12. Nxb5 Re8+ 13. Ne2 Bg4 14. f3 Re3 15. fxg4 Nxd3+ 16. Kd2 Nxb2 17. Qf1 Nxc4+ 18. Kc1 Qxd5 19. Nxc7 Ba3+ 20. Kd1 Qa5 0-1

[Event "HUN-chT2 Barcza 1011"]
[Site "Hungary"]
[Date "2010.10.10"]
[Round "3.6"]
[White "Belteczky, Marton"]
[Black "Toth, Jozsef"]
[Result "0-1"]
[WhiteElo "2019"]
[BlackElo "2089"]
[PlyCount "72"]
[EventDate "2010.09.12"]
[EventType "team-tourn"]
[EventRounds "11"]
[EventCountry "HUN"]
[SourceTitle "EXT 2012"]
[Source "ChessBase"]
[SourceDate "2011.11.24"]
[SourceVersion "1"]
[SourceVersionDate "2011.11.24"]
[SourceQuality "1"]
[WhiteTeam "Piremon"]
[BlackTeam "Edeleny"]
[WhiteTeamCountry "HUN"]
[BlackTeamCountry "HUN"]

1. d4 d5 2. c4 c6 3. Nf3 e6 4. Nc3 f5 5. g3 Bd6 6. c5 Bc7 7. b4 Qf6 8. Bf4 Bxf4 9. gxf4 Qh6 10. e3 Nf6 11. b5 Ne4 12. Nxe4 fxe4 13. Ne5 0-0 14. h4 Qf6 15. h5 Nd7 16. Nxd7 Bxd7 17. Rb1 Qd8 18. Qd2 b6 19. bxc6 Bxc6 20. Bb5 Bxb5 21. Rxb5 bxc5 22. Rxc5 Rb8 23. Qc2 Qb6 24. 0-0 Qd8 25. Rc7 Qh4 26. f3 exf3 27. Rxf3 Qxh5 28. Rg3 g6 29. Rxa7 Rfc8 30. Qd2 Rb1+ 31. Kf2 Qh1 32. Rg2 Qh4+ 33. Ke2 Rbc1 34. Kd3 Qh1 35. Rh2 Qf1+ 36. Re2 Rd1 0-1

[Event "HUN-chT2 Barcza 0506"]
[Site "Hungary"]
[Date "2006.02.26"]
[Round "8"]
[White "Toth, Jozsef"]
[Black "Peczeli, Zoltan"]
[Result "1-0"]
[WhiteElo "2043"]
[BlackElo "2074"]
[PlyCount "87"]
[EventDate "2005.10.16"]
[EventType "team-tourn"]
[EventRounds "11"]
[EventCountry "HUN"]
[SourceTitle "EXT 2009"]
[Source "ChessBase"]
[SourceDate "2008.11.26"]
[SourceVersion "1"]
[SourceVersionDate "2008.11.26"]
[SourceQuality "1"]
[WhiteTeam "Hajduszoboszlo"]
[BlackTeam "Piremon II"]
[WhiteTeamCountry "HUN"]
[BlackTeamCountry "HUN"]

1. e4 e6 2. Qe2 c5 3. Nc3 Be7 4. Nf3 Nc6 5. g3 d5 6. Bg2 d4 7. Nb1 e5 8. d3 Nf6 9. 0-0 0-0 10. Nh4 Ne8 11. Nf5 Nd6 12. Nxe7+ Qxe7 13. Nd2 Be6 14. b3 b5 15. f4 f6 16. Nf3 c4 17. f5 Bf7 18. bxc4 bxc4 19. g4 Nb5 20. Qf2 cxd3 21. cxd3 Nb4 22. a4 Nxd3 23. Qd2 Nxc1 24. Rfxc1 Nc3 25. Re1 Qb7 26. g5 Bh5 27. Nh4 Rab8 28. gxf6 Rxf6 29. Kh1 h6 30. Qd3 Qf7 31. Bf3 Rb2 32. Rac1 Qa2 33. Bg2 Kh7 34. Ra1 Qb3 35. Qg3 Qb8 36. Bf3 Bxf3+ 37. Nxf3 Ne2 38. Qxe5 Qxe5 39. Nxe5 Nf4 40. Rad1 Kh8 41. Rxd4 Rfb6 42. Rd8+ Kh7 43. Nd7 Rb1 44. Nf8+ 1-0

[Event "Miskolc Avas op"]
[Site "Miskolc"]
[Date "2005.08.21"]
[Round "6"]
[White "Toth, Jozsef"]
[Black "Meszaros, Gyula"]
[Result "0-1"]
[WhiteElo "2043"]
[BlackElo "2379"]
[PlyCount "90"]
[EventDate "2005.08.18"]
[EventType "swiss"]
[EventRounds "7"]
[EventCountry "HUN"]
[SourceTitle "EXT 2008"]
[Source "ChessBase"]
[SourceDate "2007.11.25"]
[SourceVersion "1"]
[SourceVersionDate "2007.11.25"]
[SourceQuality "1"]

1. e3 Nf6 2. f4 c5 3. Nf3 g6 4. b3 Bg7 5. Bb2 0-0 6. Nc3 Nc6 7. Ne2 d6 8. Ng3 Qc7 9. f5 e5 10. e4 d5 11. fxg6 hxg6 12. exd5 Nd4 13. c3 e4 14. Nxd4 cxd4 15. cxd4 Qf4 16. Be2 Nxd5 17. Qc2 Bf5 18. Nxf5 Qxf5 19. Rf1 Qe6 20. Kf2 Rac8 21. Qd1 Qb6 22. Kg1 Bxd4+ 23. Bxd4 Qxd4+ 24. Kh1 Kg7 25. Rc1 Rxc1 26. Qxc1 Rd8 27. Bc4 f5 28. Qa3 Rd7 29. Bxd5 Qxd5 30. Qxa7 Qxd2 31. Qc5 Qxa2 32. Qc3+ Kh7 33. h3 Qd2 34. Qe5 Qd6 35. Qe8 Qe7 36. Qb8 e3 37. Qg3 e2 38. Re1 Rd1 39. Kh2 Rxe1 40. Qxe1 f4 41. b4 Qe3 42. Kh1 b5 43. Qh4+ Kg7 44. Qe1 Kf7 45. h4 Ke6 0-1

[Event "Miskolc Avas op"]
[Site "Miskolc"]
[Date "2005.08.20"]
[Round "5"]
[White "Meszaros, Andras"]
[Black "Toth, Jozsef"]
[Result "1/2-1/2"]
[WhiteElo "2300"]
[BlackElo "2043"]
[PlyCount "114"]
[EventDate "2005.08.18"]
[EventType "swiss"]
[EventRounds "7"]
[EventCountry "HUN"]
[SourceTitle "EXT 2008"]
[Source "ChessBase"]
[SourceDate "2007.11.25"]
[SourceVersion "1"]
[SourceVersionDate "2007.11.25"]
[SourceQuality "1"]

1. Nf3 d5 2. c4 c6 3. e3 e6 4. d4 f5 5. Bd3 Nf6 6. Qc2 Bd6 7. cxd5 cxd5 8. Nc3 Nc6 9. a3 0-0 10. Bd2 Ne4 11. b4 Bd7 12. b5 Ne7 13. Ne5 Bxe5 14. dxe5 Ng6 15. 0-0 Nxd2 16. Qxd2 Nxe5 17. f4 Nxd3 18. Qxd3 Rc8 19. Ne2 Qa5 20. Rfb1 Rc4 21. Nd4 g6 22. h3 Rfc8 23. Kh2 Qc7 24. Nf3 Be8 25. a4 Qc5 26. Ra3 Rc3 27. Rxc3 Qxc3 28. Qd4 Qxd4 29. exd4 h6 30. Kg3 Kg7 31. Rb3 Kf6 32. h4 Ke7 33. Ne5 Rc2 34. a5 Kd8 35. Nd3 Bd7 36. Ne5 Be8 37. Nd3 Kc8 38. Nc5 Bd7 39. b6 a6 40. Re3 Ra2 41. Rc3 Bc6 42. Nxa6 Rxa5 43. Nc7 Ra1 44. Nxe6 Rb1 45. h5 gxh5 46. Ng7 Rxb6 47. Nxf5 Kd8 48. Nxh6 Be8 49. Nf5 Rg6+ 50. Kf3 Bd7 51. Ne3 b5 52. f5 Rb6 53. Kf4 b4 54. Rb3 Ba4 55. Rb2 b3 56. Nxd5 Rc6 57. Ne3 Rc2 1/2-1/2

[Event "Miskolc Avas op"]
[Site "Miskolc"]
[Date "2005.08.19"]
[Round "3"]
[White "Toth, Jozsef"]
[Black "Hajdu, Zoltan"]
[Result "1-0"]
[WhiteElo "2043"]
[BlackElo "1907"]
[PlyCount "55"]
[EventDate "2005.08.18"]
[EventType "swiss"]
[EventRounds "7"]
[EventCountry "HUN"]
[SourceTitle "EXT 2008"]
[Source "ChessBase"]
[SourceDate "2007.11.25"]
[SourceVersion "1"]
[SourceVersionDate "2007.11.25"]
[SourceQuality "1"]

1. e4 c5 2. b4 cxb4 3. d4 d5 4. e5 Nc6 5. a3 e6 6. f4 f5 7. axb4 Bxb4+ 8. c3 Be7 9. Bd3 Bd7 10. Qh5+ g6 11. Qf3 h5 12. Ne2 Bh4+ 13. g3 Be7 14. 0-0 g5 15. fxg5 Bxg5 16. Nf4 Bxf4 17. Bxf4 Qe7 18. Na3 a6 19. Nb5 axb5 20. Rxa8+ Kf7 21. Rfa1 Kg6 22. Kh1 Qh7 23. Rf8 Nge7 24. Rf6+ Kg7 25. Rh6 Qxh6 26. Bxh6+ Rxh6 27. Bxb5 Kg6 28. Qf4 1-0

[Event "HUN-chT2 Breyer 0405"]
[Site "Hungary"]
[Date "2004.12.19"]
[Round "5"]
[White "Demjen, Attila"]
[Black "Toth, Jozsef"]
[Result "1/2-1/2"]
[WhiteElo "2049"]
[BlackElo "2066"]
[PlyCount "63"]
[EventDate "2004.09.26"]
[EventType "team-tourn"]
[EventRounds "11"]
[EventCountry "HUN"]
[SourceTitle "EXT 2009"]
[Source "ChessBase"]
[SourceDate "2008.11.26"]
[SourceVersion "1"]
[SourceVersionDate "2008.11.26"]
[SourceQuality "1"]
[WhiteTeam "Honved II"]
[BlackTeam "Pet"]
[WhiteTeamCountry "HUN"]
[BlackTeamCountry "HUN"]

1. e4 d5 2. exd5 Qxd5 3. Nc3 Qa5 4. d4 c6 5. Nf3 Nf6 6. Bd3 Bg4 7. 0-0 e6 8. h3 Bh5 9. Bf4 Nbd7 10. a3 Be7 11. b4 Qd8 12. b5 c5 13. Ne4 Nd5 14. Bd6 cxd4 15. g4 Bg6 16. Nxd4 Bxe4 17. Bxe7 Qxe7 18. Bxe4 N7f6 19. Nf5 exf5 20. Bxd5 0-0 21. Bf3 Rad8 22. Qe1 Qc5 23. g5 Nd5 24. Rd1 Nf4 25. Rxd8 Rxd8 26. Bg2 Qxa3 27. Qe5 Nxh3+ 28. Bxh3 Qxh3 29. Qe7 Qg4+ 30. Kh2 Qf4+ 31. Kg1 Qg4+ 32. Kh2 1/2-1/2

[Event "HUN-chT2 Charousek 0304"]
[Site "Hungary"]
[Date "2004.04.18"]
[Round "11"]
[White "Toth, Jozsef"]
[Black "Nagy, Zoltan"]
[Result "1/2-1/2"]
[WhiteElo "2159"]
[BlackElo "2265"]
[PlyCount "43"]
[EventDate "2003.09.28"]
[EventType "team-tourn"]
[EventRounds "11"]
[EventCountry "HUN"]
[SourceTitle "EXT 2005"]
[Source "ChessBase"]
[SourceDate "2004.11.15"]
[SourceVersion "1"]
[SourceVersionDate "2004.11.15"]
[SourceQuality "1"]

1. d4 Nf6 2. Nf3 e6 3. Bg5 h6 4. Bh4 b6 5. e3 Bb7 6. Nbd2 c5 7. c3 Be7 8. h3 0-0 9. Bd3 cxd4 10. cxd4 d6 11. 0-0 a6 12. Qe2 Nc6 13. Rfd1 Re8 14. a3 Nh5 15. Bxe7 Qxe7 16. Rac1 g6 17. Rc2 Rec8 18. Rdc1 Kg7 19. g4 Nf6 20. e4 d5 21. e5 Nd7 22. b4 1/2-1/2